แสดงรายละเอียดบรรณานุกรม
  กลับหน้าหลัก

Brief Record : Get Marc (ISO 2709) : E-mail record : QR code ปิดหน้าต่าง
E-books : เกี่ยวกับ Collections
LEADER 00000nam 2200000uu 4500
001    212064
003     ULIBM
008    020711s2560 th a 000 0 tha d
020    9786162820397
041    ^atha^beng
050  4 T58.6 ล831ร 2560
100 0  ^aเลาดอน, เคนเนธ ซี
245    ระบบสารสนเทศเพื่อการจัดการ=bManagement information system/^cKenneth C. Laudon, Jane P. Laudon ; แปลและเรียบเรียง สัลยุทธ์ สว่างวรรณ
246 31 ^aManagement information system
260    กรุงเทพฯ :^bสำนักพิมพ์ท้อป,^c2560
300    xvi,551 หน้า :^bภาพประกอบ ;^c26 ซม.
650  4 ระบบสารสนเทศเพื่อการจัดการ
650  4 ^aการจัดการทรัพยากรสารสนเทศ
700 0  ^aLaudon, Kenneth C.
700 0  ^aLaudon, Jane P.
700 0  ^aสัลยุทธ์ สว่างวรรณ,^eบรรณาธิการ
999    ^aใช้งานได้ทุกระบบ
รายการนี้ยังไม่มีแท็ก
คุณยังไม่ได้ล็อกอิน คุณสามารถมีกิจกรรมร่วมกับเว็บไซต์ได้ แต่ต้องล็อกอินก่อน ::
  ล็อกอิน
ลำดับที่ ประเภท เลขเรียก สถานที่ สถานะ
1. หนังสือทั่วไป
หนังสือทั่วไป
T58.6 ล831ร 2560 ฉ.1 
  
หนังสือทั่วไป On Shelf
  ขอยืม
Note:อภินันทนาการ
2. หนังสือทั่วไป
หนังสือทั่วไป
T58.6 ล831ร 2560 ฉ.2 
  
หนังสือทั่วไป On Shelf
  ขอยืม
Note:จัดซื้อปีงบประมาณ 2561
   [แสดง 2/2 รายการ]

รายการใกล้เคียง
    หัวเรื่อง [ระบบสารสนเทศเพื่อการจัดการ]
    หัวเรื่อง [การจัดการทรัพยากรสารสนเทศ]

BibComment


ยังไม่เคยถูกคอมเมนท์

คอมเมนท์ทรัพยากรรายการนี้
  คอมเมนท์: ระบบสารสนเทศเพื่อ..
Bib 212064

 
 
 

 Union Library Management : ULibM
Copyright 2026. All Rights Reserved.
скачать бесплатно без регистрации порно красивый секс HD Sex Hindi sex

xxx gou

xxxx

bfxxx

xxxwww

Секса Видео

xxxx

Секса Видео

detube

geilexxx

C99 Shell

worms shell

blod xxx video
Ebony Coed Rihanna Rimes Takes A Dick In Her Young Twat priyaa indian fuck anal and pusssy hardcore indian women xxx desi hardcore fucking part 1 bengalixxxcouple